000 00559nam a2200217Ia 4500
005 20260429111934.0
008 260429s9999||||xx |||||||||||||| ||und||
020 _a9788119662913
041 _aEnglish
082 _a547
_bSUL
100 _aSultanat
245 0 _aOrganic chemistry, Vol. 3 /
_cSultanat
250 _a1st ed.
260 _aNew Delhi :
_bAne Books Pvt. Ltd.,
_c2023.
300 _axii, 340 p.; hb
440 _vVol. 3
650 _a Advanced chemistry
650 _a Reaction mechanisms
650 _aOrganic chemistry
942 _cTB
999 _c51520
_d51520